000 00511cam a2200205ua 4500
001 395
008 141204n ii |||gr||||Z||||||eng
020 _a0-7069-2832-6
040 _cMAIN
041 _aeng
082 _a320.513
245 _aModern political theory. :
_bCritical survey. /
_cBy S P Varma.
250 _a1st.
260 _aNew Delhi.:
_bVani educational books.,986.
300 _ax, 464 p.:5 cm.
653 _aPolitical science.
653 _aTheory.
700 _aVarma, S P.,
942 _cBK
999 _c341
_d341